• 首页
  • 本馆介绍
  • 公告通知
  • 最新文献
  • 馆藏检索
  • 电子资源
  • 读者导购
  • 参考咨询
  • 我的图书馆
  • 登录
  • 详细信息显示
  • 放入我的书架
  • 预约/预借图书
  • 作者相关作品
  • 分类相关作品
  • 丛书相关作品
  • 出版社相关作品

书目信息

  • 表格格式
  • 工作单格式
  • 卡片格式
书名: 第二语言习得概论
作者: [美][R.埃利斯]Rod Ellis著.
分册号: [专著] /
分册名:
出版地: 上海 :
 
出版社: 上海外语教育出版社
出版时间: 1999.
页数: 327页 ;
开本: 21cm.
丛书名: 牛津应用语言学丛书
中图分类号:
科图分类号:
其他分类号: H31:H31
主题词:
电子资源:
000 00809nam 2200265 a 4500
001 0199052185
005 20070307093206.29
008 990812d1999 ch 0 chi0
020    @a7-81046-578-3 :@cCNY21.00.
040    @aNLC@bchi
041    @aeng
090    @aH31:H31
099    @dH31:H31@ex176
100 1  @a埃利斯 @cR. @4著
245 10 @a第二语言习得概论 :@bUnderstanding second language acquisition@h[专著] / @c[美][R.埃利斯]Rod Ellis著.
246  1 @aUnderstanding second language acquisition
250    @a影印本.
260 1  @a上海 :@b上海外语教育出版社,@c1999.
300    @a327页 ;@c21cm.
440  0 @a牛津应用语言学丛书
440    @a牛津应用语言学丛书
500    @a牛津大学出版社授权出版
650 04 @a第二语言 @2CT@x概论 @x英文
650 04 @a第二语言 @2CT
700 1  @aEllis @cRod @4著
    
    第二语言习得概论 : : Understanding second language acquisition [[专著] / ] / [美][R.埃利斯]Rod Ellis著.-影印本.-上海 : : 上海外语教育出版社, , 1999.
    327页 ; ; 21cm.- (牛津应用语言学丛书 ).- (牛津应用语言学丛书 )
    牛津大学出版社授权出版
    
    ISBN 7-81046-578-3 :CNY21.00.
    
●
相关链接 在E读中查询图书 在五车中查询图书 在当当中查询图书 在豆瓣中查询图书


正题名:第二语言习得概论     索取号:H31:H31/x176         预约/预借

序号 登录号 条形码 馆藏地/架位号 状态 备注
1 000617   300006179   第二样本阅览室/ [索取号:H31:H31/x176] 在馆    
2 000618   300006188   第四借阅区/ [索取号:H31:H31/x176] 在馆    
3 000619   300006197   第四借阅区/ [索取号:H31:H31/x176] 在馆    
4 000620   300006204   第四借阅区/ [索取号:H31:H31/x176] 在馆    
5 000621   300006213   第四借阅区/ [索取号:H31:H31/x176] 在馆    
唐山师范学院图书馆 欢迎您!
大连网信软件有限公司© 版权所有